Analýza súčasného stavu využívania geotermálnej energie v Trnavskom samosprávnom kraji
Geotermálna energia v Európe a komparácia jej využitia vo vybraných krajinách. Geologické prostredie Slovenska. Využívanie geotermálnej energie v SR a jej potenciál. Využívanie geotermálnej energie v jednotlivých okresoch (Senica, Piešťany, Galanta, Dunajská Streda) Trnavského samosprávneho kraja. K...
Salvato in:
| Autore principale: | |
|---|---|
| Natura: | Capitolo di libro |
| Lingua: | slovacco |
| Soggetti: | |
| Tags: |
Nessun Tag, puoi essere il primo ad aggiungerne!!
|
MARC
| LEADER | 00000naa$a2200000$$$4500 | ||
|---|---|---|---|
| 001 | 0181174 | ||
| 005 | 20240502073114.9 | ||
| 041 | 0 | |a slo | |
| 044 | |a SK | ||
| 245 | 1 | 0 | |a Analýza súčasného stavu využívania geotermálnej energie v Trnavskom samosprávnom kraji |c Tomáš Bergendi |
| 520 | |a Geotermálna energia v Európe a komparácia jej využitia vo vybraných krajinách. Geologické prostredie Slovenska. Využívanie geotermálnej energie v SR a jej potenciál. Využívanie geotermálnej energie v jednotlivých okresoch (Senica, Piešťany, Galanta, Dunajská Streda) Trnavského samosprávneho kraja. Kľúčové aspekty dlhodobej udržateľnosti geotermálnej energie v Trnavskom samosprávnom kraji. | ||
| 610 | 2 | 0 | |a energia geotermálna |
| 610 | 2 | 0 | |a zdroje energie obnoviteľné |
| 610 | 2 | 0 | |a mestá |
| 610 | 2 | 0 | |a kúpeľníctvo |
| 610 | 2 | 0 | |a Európa |
| 610 | 2 | 0 | |a porovnanie medzinárodné |
| 610 | 2 | 0 | |a Slovensko |
| 610 | 2 | 0 | |a kraje |
| 610 | 2 | 0 | |a rozvoj trvalo udržateľný |
| 100 | 1 | |a Bergendi, Tomáš, 1984- | |